Top 10 Oldest Countries in the World - Statistics

General Stats
  • This quiz has been taken 391 times
  • The average score is 7 of 10
Answer Stats
Rank Continent Answer % Correct
6 Asia China
87%
5 Africa Egypt
85%
10 Europe France
77%
4 Asia Japan
76%
2 Europe Greece
75%
1 Africa Ethiopia
68%
9 Asia India
62%
8 Asia Iran
62%
7 Europe San Marino
46%
3 Europe Portugal
42%
No matching quizzes found
Score Distribution
Percent of People with Each Score
Percentile by Number Answered
Your Score History
You have not taken this quiz